书目信息 |
| 题名: |
人生的亲证
|
|
| 作者: | 印度罗宾德拉纳特·泰戈尔 ;宫静 | |
| 分册: | ||
| 出版信息: | 北京 商务印书馆 1992 |
|
| 页数: | 144页 | |
| 开本: | 20cm | |
| 丛书名: | ||
| 单 册: | ||
| 中图分类: | B , B304 | |
| 科图分类: | ||
| 主题词: | 哲学--亚洲 | |
| 电子资源: | ||
| ISBN: | 7-100-02175-8 | |
| 000 | 00644nam0 2200205 450 | |
| 001 | 2631780457 | |
| 005 | 20260414085031.61 | |
| 010 | @a7-100-02175-8@d¥9.00 | |
| 100 | @a20070819d km y0chiy0120 ea | |
| 101 | 0 | @achi |
| 200 | 1 | @a人生的亲证@Aren sheng de qin zheng@f[印度]罗宾德拉纳特.泰戈尔@F[yin du]luo bin de la na te.tai ge er@g宫静@Ggong jing |
| 210 | @a北京@c商务印书馆@d1992 | |
| 215 | @a144页@d20cm | |
| 606 | 0 | @a哲学@x亚洲 |
| 690 | @aB@v3 | |
| 690 | @aB304@v4 | |
| 701 | 0 | @a印度罗宾德拉纳特·泰戈尔@Ayin du luo bin de la na te·tai ge er |
| 702 | 0 | @a宫静@Agong jing |
| 801 | 0 | @aCN@bPFT@c20070819 |
| 905 | @a213230@dB304@e8@f1 | |
| 人生的亲证/[印度]罗宾德拉纳特.泰戈尔/宫静.-北京:商务印书馆,1992 |
| 144页;20cm |
| ISBN 7-100-02175-8:¥9.00 |
| ● |
| 相关链接 |
|
|
|
|
正题名:人生的亲证
索取号:B304/8
 
预约/预借
| 序号 | 登录号 | 条形码 | 馆藏地/架位号 | 状态 | 备注 |
| 1 | 1442654 | 214426548 | 第一样本阅览室/ [索取号:B304/8] | 在馆 |